000 00688nam a22002297a 4500
003 UA-OsUOA
001 86444
007 ta
008 20120903b un ||||| |||| 00| 0 ukr d
100 _aВознесенский Н.
090 _a94(4)"139/1945"
_bВ64
942 _cBK
040 _aUA-OsUOA
_brus
_cUA-OsUOA
_dUA-OsUOA
245 _aВоенная экономика СССР в период Отечественной войны
300 _a190 с.
955 _a2
041 _arus
080 _a94(4)"139/1945"
260 _aМ.
_bПолитиздат
_c1948
650 7 _a9 Географія. Біографії. Історія
_2UDC
999 _c373058
_d373058